|
|
|
|
| LEADER |
00000nab a2200000 ar4500 |
| 001 |
vtls008996472 |
| 003 |
SK-MaSNL |
| 005 |
20260303065744.0 |
| 008 |
070606c2006 xo mr|p|||||||000 b|slo |
| 015 |
|
|
|a SNBRB2007/06
|2 snkbucl
|
| 038 |
|
|
|a SNKBUCL
|
| 040 |
|
|
|a SNKBUCL
|b slo
|c SNKBUCL
|e AACR2
|
| 041 |
0 |
|
|a slo
|
| 044 |
|
|
|a xo
|c SK
|
| 080 |
|
|
|a 323.113(=162.4)(100)
|2 1997
|
| 080 |
|
|
|a 342.6
|2 1997
|
| 100 |
1 |
|
|a Prívarová, Vilma,
|d 1957-
|4 aut
|9 25180
|
| 245 |
1 |
0 |
|a Nový zákon, nový úrad, nové očakávania
|c Vilma Prívarová
|
| 300 |
|
|
|b Fotogr.
|
| 610 |
1 |
7 |
|a Slovensko.
|b Úrad pre Slovákov žijúcich v zahraničí
|2 snkbucl
|9 126222
|
| 650 |
0 |
7 |
|a Slováci v zahraničí
|2 snkbucl
|9 14695
|
| 773 |
0 |
|
|t Slovenské zahraničie
|g Roč. XI, č. 1 (2006), s. 4-5
|x 1335-4396
|
| 852 |
|
|
|a SNK
|b KIS3GCP
|
| 958 |
|
|
|a SK
|
| 999 |
|
|
|c 1752541
|d 1754471
|